| 000 | 00529nam a2200181Ia 4500 | ||
|---|---|---|---|
| 003 | GCL | ||
| 008 | 140319s9999 xx 000 0 eng d | ||
| 040 |
_aGCL / _cGCL |
||
| 082 | 0 | 4 |
_a615.19 _bT C |
| 100 | 1 | _aTHAMES AND HUDSON | |
| 245 | 1 | 0 |
_aCHEMISTERY FOR PHARAMCY AND THE LIFE SCIENTESTS: INCLUDING PHARMACOLOGY AND BIOMEDICAL SCIENCE / _cTHAMES AND HUDSON |
| 700 | 1 | _aTHOMAS, GARETH | |
| 260 |
_a[S.N] : _bPRENTICE HALL ، _c1996 |
||
| 300 | _a361 P | ||
| 650 | 0 | 4 | _aPHARMACOLOGY |
| 650 | 0 | 4 | _aCHEMISTRY |
| 942 |
_2ddc _cBK |
||
| 999 |
_c10242 _d10242 |
||